=LDR 00000nam 2200000 4500 =001 INLIS000000000005160 =005 20130612093422 =008 ***********************************Ind** =035 ##$$0010-061300000005160 =041 ##$$a Ind =082 ##$$a 658.46 =090 ##$$a 658.46, Vin m =100 ##$$a VINEY, Nigel =245 ##$$a Menggebrak dunia konsultasi, Nigel Viney; Diterjemahkan oleh, Suryatin; Editor, Hikmat Kurnia =260 ##$$a 1993 $b Jakarta =300 ##$$a vii, 83 hlm, 18 cm =650 ##$$a Manajemen Konsultan =850 ##$$a NBPNMAT